000 00482nam a2200169 a 4500
005 20140412111235.0
008 010404s19uu xx 00 eng d
020 _a0-02-245230-3
050 _aTR(GS 428.6
_bT351 1979
100 _aThoburn, Tina
245 _aMacmillan English /
_cTina Thoburn; Ann Cox.
260 _aNew York :
_bMacmillan Publishing Co., Inc,
_c1979.
300 _a92 p. ; ill.
440 _aSeries E Macmillan English
650 _aEnglish
999 _c102379
_d102379